[Event "I Cerrado Juan Moreno In Memoriam"]
[Site "Zaragoza"]
[Date "2017.04.12"]
[Round "1"]
[White "Gines Esteo Pedro Antonio"]
[Black "Glavina Pablo"]
[Result "1/2-1/2"]
[WhiteElo "2319"]
[BlackElo "2391"]

1.d4 Nf6 2.Nf3 c5 3.d5 e6 4.Nc3 exd5 5.Nxd5 Nxd5 6.Qxd5 Nc6 7.e4 d6 8.Bc4 Be6
9.Qd3 Be7 10.c3 O-O 11.O-O a6 12.a4 Qd7 13.Bf4 Bxc4 14.Qxc4 Qe6 15.Nd2 Rad8
16.Qd5 Rfe8 17.Nc4 Bf8 18.f3 Qxd5 19.exd5 Na7 20.Rfe1 Nc8 21.a5 f6 22.Kf2 Kf7
23.g4 Rxe1 24.Rxe1 Re8 25.Rb1 Rd8 26.h4 Rd7 27.Ke2 Ke7 28.Kd3 Kd8 29.h5 Kc7
30.b3 Re7 31.Rh1 Re8 32.Ne3 b5 33.axb6+ Nxb6 34.Ra1 Ra8 35.Ra5 Kd7 36.c4 Be7
37.Nc2 Bd8 38.Bd2 Nxd5 39.cxd5 Bxa5 40.Bxa5 Rb8 41.b4 cxb4 42.Bxb4 a5 43.Bxa5
Rb5 44.Bc3 Rxd5+ 45.Nd4 g6 46.hxg6 hxg6 47.f4 Rc5 48.Nb3 Rb5 49.Kc4 Rb6 50.Nd4
Rb1 51.Kd3 Rg1 52.Ne2 Rxg4 53.Bxf6 Ke6 54.Bg5 Rxg5 55.fxg5 Kf5 1/2-1/2

[Event "I Cerrado Juan Moreno In Memoriam"]
[Site "Zaragoza"]
[Date "2017.04.12"]
[Round "1"]
[White "Adla Diego"]
[Black "Bayo Milagro Alvaro"]
[Result "1/2-1/2"]
[WhiteElo "2398"]
[BlackElo "2273"]

1.c4 e6 2.Nf3 d5 3.d4 dxc4 4.e3 c5 5.Bxc4 Nf6 6.O-O a6 7.Bd3 Nc6 8.a3 cxd4 9.
exd4 Be7 10.Nc3 O-O 11.Re1 Qd6 12.Be3 b5 13.Qc2 Bb7 14.Rad1 Rac8 15.Bg5 h6 16.
Bh4 b4 17.Bxf6 Bxf6 18.Ne4 Qe7 19.Nxf6+ Qxf6 20.Qe2 a5 21.Be4 Rfd8 22.axb4
axb4 1/2-1/2

[Event "I Cerrado Juan Moreno In Memoriam"]
[Site "Zaragoza"]
[Date "2017.04.12"]
[Round "1"]
[White "Villuendas Valero Adrian"]
[Black "Uribe Arteaga Daniel"]
[Result "0-1"]
[WhiteElo "2311"]
[BlackElo "2294"]

1.d4 d6 2.e4 g6 3.Nc3 Bg7 4.Bg5 c6 5.Qd2 b5 6.Nf3 Nf6 7.Bd3 O-O 8.Bh6 b4 9.Ne2
a5 10.e5 dxe5 11.dxe5 Ng4 12.Bxg7 Kxg7 13.h3 Nh6 14.h4 Na6 15.h5 Ng4 16.Nf4
Nc5 17.O-O-O Nxd3+ 18.Nxd3 Bf5 19.Qf4 Qd5 20.Nd4 Bxd3 21.Qxg4 Be4 22.Qf4 Qxa2
23.Qxe4 Qa1+ 24.Kd2 Qxb2 25.Ke2 c5 26.Nf3 Rad8 27.hxg6 hxg6 28.Rb1 Qa2 29.Ra1
Qb2 30.Rhb1 Qc3 31.Rxa5 b3 32.Ra3 c4 33.cxb3 Rc8 34.Ra2 cxb3 35.Rab2 Rb8 36.
Qd3 Qc6 37.Rxb3 Rbd8 38.Qc3 Qe4+ 39.Qe3 Qc4+ 40.Ke1 Rh8 41.Ng1 Rh1 42.f3 Qc2
43.R3b2 Qc4 44.Rc1 Qxc1+ 0-1

[Event "I Cerrado Juan Moreno In Memoriam"]
[Site "Zaragoza"]
[Date "2017.04.12"]
[Round "1"]
[White "Moreno Gracia Daniel"]
[Black "Lopez Gracia Fernando"]
[Result "1/2-1/2"]
[WhiteElo "2318"]
[BlackElo "2302"]

1.Nf3 d5 2.g3 Nf6 3.Bg2 c5 4.O-O Nc6 5.d4 e6 6.b3 cxd4 7.Nxd4 Bc5 8.Bb2 O-O 9.
e3 Qe7 10.c4 Rd8 11.cxd5 exd5 12.Nxc6 bxc6 13.Nd2 Bb6 14.Rc1 c5 15.Qf3 Ng4 16.
Rfd1 Be6 17.h3 Nh6 18.e4 d4 19.Nc4 Rac8 20.Ba3 f6 21.Qd3 Nf7 22.f4 Kh8 23.Kh2
g5 24.Rc2 gxf4 25.gxf4 Bc7 26.Rf1 Bb8 27.Nb2 Bd6 28.Nc4 Bb8 1/2-1/2

[Event "I Cerrado Juan Moreno In Memoriam"]
[Site "Zaragoza"]
[Date "2017.04.12"]
[Round "1"]
[White "Aguero Jimenez Luis Lazaro"]
[Black "Roldan Marques Daniel"]
[Result "1-0"]
[WhiteElo "2442"]
[BlackElo "2255"]

1.Nf3 d5 2.g3 Bg4 3.Bg2 Nd7 4.h3 Bh5 5.c4 e6 6.b3 Ngf6 7.Bb2 Bd6 8.cxd5 exd5
9.Nh4 O-O 10.g4 Bg6 11.Nxg6 hxg6 12.e3 Re8 13.O-O g5 14.Nc3 c6 15.Qc2 Qe7 16.
Ne2 Ne5 17.Nd4 Bb8 18.Nf5 Qc7 19.Ng3 Ne4 20.Bxe4 dxe4 21.Qxe4 Qd8 22.Bc3 Ng6
23.Qd4 Qxd4 24.Bxd4 Bxg3 25.fxg3 b6 26.b4 Rad8 27.Rac1 Re6 28.Kg2 Rdd6 29.Rc2
f6 30.a4 Ne5 31.Bxe5 Rxe5 32.Kf3 a5 33.d4 Red5 34.Rfc1 axb4 35.Rxc6 b5 36.a5
Rd8 37.Rb6 1-0

[Event "I Cerrado Juan Moreno In Memoriam"]
[Site "Zaragoza"]
[Date "2017.04.13"]
[Round "2"]
[White "Glavina Pablo"]
[Black "Roldan Marques Daniel"]
[Result "1-0"]
[WhiteElo "2391"]
[BlackElo "2255"]

1.c4 e5 2.Nc3 Nc6 3.e3 Bc5 4.g3 d6 5.Nge2 a6 6.Bg2 Ba7 7.O-O h5 8.h3 h4 9.g4
f5 10.gxf5 Bxf5 11.f4 g5 12.Kh2 Nh6 13.e4 Bxh3 14.Bxh3 g4 15.d4 gxh3 16.d5
Ng4+ 17.Kxh3 exf4 18.Nxf4 Nf2+ 19.Rxf2 Bxf2 20.dxc6 bxc6 21.Qg4 Qf6 22.e5 Qxe5
23.Ng6 1-0

[Event "I Cerrado Juan Moreno In Memoriam"]
[Site "Zaragoza"]
[Date "2017.04.13"]
[Round "2"]
[White "Lopez Gracia Fernando"]
[Black "Aguero Jimenez Luis Lazaro"]
[Result "0-1"]
[WhiteElo "2302"]
[BlackElo "2442"]

1.e4 c5 2.Nc3 a6 3.g3 b5 4.Bg2 Bb7 5.d3 Nf6 6.Nh3 e6 7.O-O b4 8.Ne2 d6 9.f4
Nc6 10.Nf2 h5 11.Be3 e5 12.c3 h4 13.g4 exf4 14.Nxf4 Nd7 15.d4 Be7 16.Nd5 O-O
17.Qd2 Nb6 18.Nxe7+ Qxe7 19.Bg5 Qd7 20.Bxh4 cxd4 21.cxd4 d5 22.exd5 Nxd5 23.
Ne4 Qxg4 24.Bg3 Nce7 25.Nd6 Bc6 26.Rac1 Rad8 27.Rfe1 Ba8 28.Nc4 Nf5 29.Re4 Qh5
30.Ne5 Nf6 31.Rf4 Bxg2 32.Qxg2 Rxd4 33.Rxd4 Nxd4 34.Rf1 Ne2+ 35.Kh1 Rd8 36.
Rxf6 Rd1+ 37.Rf1 Rxf1+ 0-1

[Event "I Cerrado Juan Moreno In Memoriam"]
[Site "Zaragoza"]
[Date "2017.04.13"]
[Round "2"]
[White "Uribe Arteaga Daniel"]
[Black "Moreno Gracia Daniel"]
[Result "1/2-1/2"]
[WhiteElo "2294"]
[BlackElo "2318"]

1.d4 Nf6 2.Nf3 c5 3.c4 cxd4 4.Nxd4 Nc6 5.Nc3 g6 6.e4 d6 7.Be2 Bg7 8.Be3 O-O 9.
O-O Nxd4 10.Bxd4 Bd7 11.b4 a6 12.Nd5 Nxd5 13.exd5 Ba4 14.Qd2 e5 15.dxe6 fxe6
16.Bg4 Qe7 17.Rfe1 e5 18.Be3 Kh8 19.Bd1 Bc6 20.Bb3 Rad8 21.a4 Qe6 22.h3 d5 23.
cxd5 Bxd5 24.Bg5 Rd6 25.Rad1 Bxb3 26.Qxd6 Qf5 27.Be3 Bxd1 28.Rxd1 h5 29.Bc5
Kh7 30.Qe7 Rf7 31.Qe8 Qc2 32.Rd8 Rf8 33.Bxf8 Qc1+ 1/2-1/2

[Event "I Cerrado Juan Moreno In Memoriam"]
[Site "Zaragoza"]
[Date "2017.04.13"]
[Round "2"]
[White "Bayo Milagro Alvaro"]
[Black "Villuendas Valero Adrian"]
[Result "1/2-1/2"]
[WhiteElo "2273"]
[BlackElo "2311"]

1.c4 e6 2.Nf3 Nf6 3.g3 d5 4.Bg2 Be7 5.d4 O-O 6.O-O dxc4 7.Ne5 Nc6 8.Nxc6 bxc6
9.Bxc6 Rb8 10.Bg2 Bb7 11.Bxb7 Rxb7 12.e3 c5 13.Qc2 cxd4 14.Qxc4 dxe3 15.Bxe3
Nd5 16.Qe2 Nxe3 17.Qxe3 Bf6 18.Nc3 Rxb2 19.Rfd1 Qb6 20.Qxb6 axb6 21.Ne4 Ra8
22.Rac1 Be5 23.f4 Rb4 24.Ng5 Bd4+ 25.Kh1 h6 26.Nf3 Bc5 27.Rc2 f6 28.Ne1 e5 29.
fxe5 fxe5 30.Rd5 e4 31.Re5 Ra3 32.Kg2 Re3 33.Kf2 Ra3+ 34.Ke2 Rba4 35.Kf1 Kf7
36.Re2 e3 37.Nc2 Rxa2 38.h4 Kf6 39.Re8 Ra8 40.Rxa8 Rxa8 41.Nxe3 Bxe3 42.Rxe3
b5 43.Rb3 Rb8 44.Rb4 Ke6 45.Ke2 Kd5 46.Kd3 Kc5 47.Rg4 Rb7 48.Kc3 Rf7 49.Rg6
b4+ 50.Kb3 Rf3+ 51.Kb2 Rf7 52.Kb3 Rb7 53.g4 Rf7 54.h5 Rf3+ 55.Kb2 Kc4 56.Rc6+
Kb5 57.Rc7 Rf2+ 58.Kb3 1/2-1/2

[Event "I Cerrado Juan Moreno In Memoriam"]
[Site "Zaragoza"]
[Date "2017.04.13"]
[Round "2"]
[White "Gines Esteo Pedro Antonio"]
[Black "Adla Diego"]
[Result "1-0"]
[WhiteElo "2319"]
[BlackElo "2398"]

1.d4 d5 2.Nf3 c6 3.e3 Bg4 4.c4 e6 5.Qb3 Bxf3 6.Qxb7 Bxg2 7.Bxg2 Nd7 8.c5 Qc8
9.Qxc8+ Rxc8 10.Nc3 Be7 11.Kd1 e5 12.Kc2 Bf6 13.Rd1 Ne7 14.Bh3 Rb8 15.Rb1 Nf8
16.b4 Ne6 17.Ne2 Kd8 18.dxe5 Bxe5 19.e4 Ke8 20.f4 Bf6 21.e5 Bh4 22.f5 Ng5 23.
Rd4 Ne4 24.Nc3 Nxc3 25.Kxc3 g5 26.a4 Bf2 27.Bxg5 Bxd4+ 28.Kxd4 Rg8 29.Bf4 Rb7
30.b5 h5 31.f6 Ng6 32.bxc6 Rxb1 33.c7 Ne7 34.fxe7 Kxe7 35.Bg5+ f6 36.Bxf6+ Kf7
37.Bd8 1-0

[Event "I Cerrado Juan Moreno In Memoriam"]
[Site "Zaragoza"]
[Date "2017.04.13"]
[Round "3"]
[White "Adla Diego"]
[Black "Glavina Pablo"]
[Result "1/2-1/2"]
[WhiteElo "2398"]
[BlackElo "2391"]

1.e4 e5 2.Nf3 Nc6 3.Bb5 a6 4.Ba4 Nf6 5.O-O Be7 6.Re1 b5 7.Bb3 d6 8.c3 O-O 9.h3
Na5 10.Bc2 c5 11.d4 Nd7 12.b3 exd4 13.cxd4 Nc6 14.d5 Nb4 15.Nc3 Bf6 16.Bb2
Nxc2 17.Qxc2 Re8 18.a4 b4 19.Nd1 a5 1/2-1/2

[Event "I Cerrado Juan Moreno In Memoriam"]
[Site "Zaragoza"]
[Date "2017.04.13"]
[Round "3"]
[White "Villuendas Valero Adrian"]
[Black "Gines Esteo Pedro Antonio"]
[Result "1/2-1/2"]
[WhiteElo "2311"]
[BlackElo "2319"]

1.e4 c6 2.d4 d5 3.Nc3 dxe4 4.Nxe4 Bf5 5.Ng3 Bg6 6.N1e2 Nf6 7.Nf4 e5 8.Nxg6
hxg6 9.Be3 Nd5 10.dxe5 Nxe3 11.Qxd8+ Kxd8 12.fxe3 Bc5 13.Bc4 1/2-1/2

[Event "I Cerrado Juan Moreno In Memoriam"]
[Site "Zaragoza"]
[Date "2017.04.13"]
[Round "3"]
[White "Moreno Gracia Daniel"]
[Black "Bayo Milagro Alvaro"]
[Result "1-0"]
[WhiteElo "2318"]
[BlackElo "2273"]

1.c4 e6 2.g3 d5 3.Bg2 Nf6 4.Nf3 dxc4 5.Qa4+ c6 6.Qxc4 b5 7.Qb3 Bb7 8.a4 a6 9.
O-O Nbd7 10.d4 Qb6 11.Nc3 Rc8 12.axb5 cxb5 13.Re1 Be7 14.e4 O-O 15.Bd2 h6 16.
h3 Rfe8 17.Qa2 b4 18.Na4 Qa7 19.e5 Nd5 20.Rec1 Nb8 21.Qb3 Nc6 22.Qd3 Red8 23.
Bf1 Rd7 24.Qe4 Rf8 25.Bd3 f5 26.exf6 Rxf6 27.Rxc6 Bxc6 28.Qh7+ Kf7 29.Ne5+ Ke8
30.Bg6+ 1-0

[Event "I Cerrado Juan Moreno In Memoriam"]
[Site "Zaragoza"]
[Date "2017.04.13"]
[Round "3"]
[White "Aguero Jimenez Luis Lazaro"]
[Black "Uribe Arteaga Daniel"]
[Result "1-0"]
[WhiteElo "2442"]
[BlackElo "2294"]

1.e4 g6 2.d4 Bg7 3.Nf3 d6 4.c4 Bg4 5.Be2 Nc6 6.Be3 Bxf3 7.Bxf3 e5 8.d5 Nd4 9.
Nc3 Ne7 10.Nb5 Nxf3+ 11.Qxf3 c5 12.Qe2 a6 13.Nc3 Qd7 14.O-O O-O 15.a3 f5 16.f3
f4 17.Bf2 g5 18.b4 b6 19.Rab1 h5 20.bxc5 bxc5 21.Rb3 Rf7 22.Rfb1 Ra7 23.Rb8+
Kh7 24.Qc2 g4 25.Qa4 Qc7 26.Bh4 Bf6 27.Bxf6 Rxf6 28.fxg4 hxg4 29.Nd1 Ng6 30.
Nf2 g3 31.Ng4 gxh2+ 32.Kxh2 Rf7 33.Qb3 f3 34.g3 Qd7 35.Ne3 Kh6 36.Qd3 Kg5 37.
Nf5 Rxf5 38.exf5 Qxf5 39.Qd2+ Kg4 40.R1b7 Rxb7 41.Rxb7 f2 42.Qe2+ Qf3 43.Qxf3+
Kxf3 44.Rb3+ Ke2 45.Rb2+ Ke3 46.Kg2 e4 47.Rxf2 Ne5 48.Rf6 Nxc4 49.g4 Kd4 50.g5
Ke5 51.Rf8 Ne3+ 52.Kf2 Nf5 53.g6 Nh6 54.g7 Kxd5 55.Rh8 Ng4+ 56.Ke2 1-0

[Event "I Cerrado Juan Moreno In Memoriam"]
[Site "Zaragoza"]
[Date "2017.04.13"]
[Round "3"]
[White "Roldan Marques Daniel"]
[Black "Lopez Gracia Fernando"]
[Result "1-0"]
[WhiteElo "2255"]
[BlackElo "2302"]

1.d4 d5 2.Nf3 e6 3.b3 c5 4.e3 Nf6 5.Bd3 Nc6 6.O-O b6 7.a3 Bb7 8.Bb2 Bd6 9.Nbd2
O-O 10.Qe2 Rc8 11.Ne5 Ne7 12.Rfd1 Qc7 13.Rac1 Ne4 14.c4 f6 15.Nef3 Ng6 16.b4
Nxd2 17.Qxd2 Qe7 18.dxc5 bxc5 19.cxd5 cxb4 20.dxe6 bxa3 21.Bd4 Qxe6 22.Qe2 Qg4
23.h3 Qh5 24.Bxa7 Rxc1 25.Rxc1 Bxf3 26.Qxf3 Qxf3 27.gxf3 Ra8 28.Bd4 Be5 29.Be4
Ra5 30.Rc5 Rxc5 31.Bxc5 Bb2 32.Bd5+ Kh8 33.Kf1 Ne5 34.Ke2 g5 35.Bd6 Ng6 36.Kd3
Kg7 37.Kc2 Ne5 38.Bxe5 Bxe5 39.Kd3 Kg6 40.Ke4 Bb2 41.f4 Kh5 42.fxg5 Kxg5 43.
Be6 Kh4 44.Kf3 Kg5 45.Ke4 f5+ 46.Kf3 Kf6 47.Ba2 Ke5 48.Kg3 Bc3 49.Bb1 Ba5 50.
f4+ Kd5 51.Kf3 Kc4 52.Bxf5 Kc3 53.Be6 Kb2 54.e4 a2 55.Bxa2 Kxa2 56.e5 Kb3 57.
Ke4 Kc4 58.e6 Bd8 59.Ke5 Kc5 60.f5 Kc6 61.f6 h5 62.e7 Bxe7 63.fxe7 Kd7 64.Kf6
Ke8 65.h4 1-0

[Event "I Cerrado Juan Moreno In Memoriam"]
[Site "Zaragoza"]
[Date "2017.04.14"]
[Round "4"]
[White "Glavina Pablo"]
[Black "Lopez Gracia Fernando"]
[Result "1/2-1/2"]
[WhiteElo "2391"]
[BlackElo "2302"]

1.d4 Nf6 2.Nf3 g6 3.c4 Bg7 4.Nc3 O-O 5.e4 d6 6.Be2 e5 7.dxe5 dxe5 8.Qxd8 Rxd8
9.Bg5 Re8 10.Nd5 Nxd5 11.cxd5 c6 12.Bc4 cxd5 13.Bxd5 Nd7 14.O-O-O Nb6 15.Bb3
Be6 16.Kb1 1/2-1/2

[Event "I Cerrado Juan Moreno In Memoriam"]
[Site "Zaragoza"]
[Date "2017.04.14"]
[Round "4"]
[White "Uribe Arteaga Daniel"]
[Black "Roldan Marques Daniel"]
[Result "1/2-1/2"]
[WhiteElo "2294"]
[BlackElo "2255"]

1.d4 d5 2.c4 e6 3.Nc3 c6 4.e3 Bd6 5.Nf3 f5 6.Bd3 Nf6 7.O-O O-O 8.b3 Ne4 9.Ne2
Qf6 10.a4 a5 11.Ba3 Bxa3 12.Rxa3 Nd7 13.Nd2 Qh6 14.Nf4 e5 15.dxe5 g5 16.Ne2
Nxe5 17.Bc2 Nxd2 18.Qxd2 Ng4 19.h3 Qd6 20.hxg4 Qxa3 21.gxf5 Qb4 22.Qc1 Bxf5
23.e4 Qe7 24.exf5 Qxe2 25.Re1 Qg4 26.Re7 Rae8 27.Qe3 Rxe7 28.Qxe7 Qf4 29.Bd3
Rf7 30.Qd8+ Kg7 31.cxd5 Qc1+ 32.Kh2 cxd5 33.Qxd5 Qc7+ 34.g3 Rf6 35.Bc4 Qc6 36.
Qg8+ Kh6 37.Be6 Qc5 38.Qd8 Qxf2+ 39.Kh3 Rxf5 40.Bxf5 Qxf5+ 41.Kh2 g4 42.Qb6+
Kh5 43.Qe3 Qc2+ 44.Kg1 Qd1+ 45.Kf2 Qd5 46.Kg1 Qf5 47.Qe8+ Kg5 48.Qe3+ Kh5 49.
Qe8+ Kg5 1/2-1/2

[Event "I Cerrado Juan Moreno In Memoriam"]
[Site "Zaragoza"]
[Date "2017.04.14"]
[Round "4"]
[White "Bayo Milagro Alvaro"]
[Black "Aguero Jimenez Luis Lazaro"]
[Result "0-1"]
[WhiteElo "2273"]
[BlackElo "2442"]

1.c4 e5 2.Nc3 Nc6 3.e3 d6 4.Nf3 g6 5.d4 Bg7 6.Be2 f5 7.O-O e4 8.Nd2 Nf6 9.b4
O-O 10.b5 Ne7 11.a4 g5 12.Ba3 Re8 13.a5 Ng6 14.b6 axb6 15.axb6 c6 16.Qb3 f4
17.Bxd6 Rxa1 18.Rxa1 Kh8 19.c5 Qd7 20.Qd1 Nh4 21.g3 fxe3 22.fxe3 Nf5 23.Nc4
Nd5 24.Nxd5 cxd5 25.Ne5 Nxe3 26.Qd2 Bxe5 27.dxe5 Nf5 28.Qxd5 e3 29.Ra8 Ne7 30.
Qf7 Nc6 31.Qf6+ Qg7 32.Qxg7+ Kxg7 33.Bb5 Bd7 34.Ra7 e2 35.Kf2 Nxe5 36.Rxb7
Nd3+ 37.Kg2 e1=Q 38.Rxd7+ Kf6 39.Bxd3 g4 40.Bf4 Ra8 41.Rd6+ Kg7 42.Rd7+ Kf6
43.Rd6+ Kg7 44.Rd7+ Kf8 45.Bh6+ Ke8 46.Bb5 Qe4+ 47.Kf2 Qf5+ 48.Ke2 Qf3+ 49.Ke1
Qh1+ 50.Kd2 Ra2+ 51.Kc3 Qa1+ 52.Kc4 Ra4+ 53.Kd5 Rd4+ 54.Ke6 Qe1+ 55.Kf6 Rxd7
56.Bxd7+ Kxd7 57.Bf8 Qe6+ 58.Kg7 Qg6+ 59.Kh8 Ke8 60.b7 Kf7 0-1

[Event "I Cerrado Juan Moreno In Memoriam"]
[Site "Zaragoza"]
[Date "2017.04.14"]
[Round "4"]
[White "Gines Esteo Pedro Antonio"]
[Black "Moreno Gracia Daniel"]
[Result "1-0"]
[WhiteElo "2319"]
[BlackElo "2318"]

1.d4 d6 2.Nf3 Bg4 3.e4 e6 4.c4 Nf6 5.Nc3 Be7 6.Be2 O-O 7.Be3 c6 8.Qb3 Qb6 9.
Qxb6 axb6 10.d5 Nbd7 11.dxe6 Bxe6 12.Nd4 Nc5 13.f3 Nfd7 14.Kd2 Na4 15.Nxa4
Rxa4 16.Bd1 Ra6 17.Nxe6 fxe6 18.a3 Bf6 19.Kc2 c5 20.f4 Nb8 21.Bg4 Kf7 22.Rad1
Ke7 23.e5 dxe5 24.fxe5 Bxe5 25.Rhe1 Nc6 26.Bg5+ Kf7 27.Rd7+ Kg6 28.Be3 Rf6 29.
Rxb7 Na5 30.Rd7 Nxc4 31.Bc1 Rf2+ 32.Re2 Rxe2+ 33.Bxe2 b5 34.g4 Bxh2 35.Bd3+
Kf6 36.g5+ Ke5 37.Rxg7 Bf4 38.Rxh7 Bxc1 39.Kxc1 Rd6 40.Bxc4 bxc4 41.Rc7 Kd4
42.g6 e5 43.g7 Rg6 44.Rd7+ Ke3 45.a4 e4 46.a5 Kf2 47.Rf7+ Ke1 48.Re7 Kf2 49.
Rf7+ Ke1 50.a6 1-0

[Event "I Cerrado Juan Moreno In Memoriam"]
[Site "Zaragoza"]
[Date "2017.04.14"]
[Round "4"]
[White "Adla Diego"]
[Black "Villuendas Valero Adrian"]
[Result "1-0"]
[WhiteElo "2398"]
[BlackElo "2311"]

1.c4 e6 2.Nc3 Bb4 3.Qb3 Nc6 4.a3 Bxc3 5.Qxc3 Nf6 6.b4 d6 7.g3 e5 8.Bg2 O-O 9.
d3 h6 10.Nf3 Re8 11.e4 Bg4 12.Be3 Qd7 13.h3 Be6 14.Nd2 Nh7 15.b5 Ne7 16.d4 f6
17.d5 Bf7 18.h4 f5 19.Bh3 Nf6 20.O-O c6 21.a4 cxd5 22.exd5 Qc7 23.Qb3 Nd7 24.
f4 Nc5 25.Qa3 e4 26.Bd4 Bg6 27.a5 Kh8 28.Rfb1 Rec8 29.b6 axb6 30.Rxb6 Qxb6 31.
axb6 Rxa3 32.Rxa3 Na6 33.Bf1 Be8 34.Nb3 Rb8 35.Kf2 Kg8 36.Na5 Nc5 37.Bxc5 dxc5
38.Nb3 Nc8 39.Nxc5 Nxb6 40.Rb3 Nxc4 41.Bxc4 Rc8 42.d6+ Kh7 43.Bb5 1-0

[Event "I Cerrado Juan Moreno In Memoriam"]
[Site "Zaragoza"]
[Date "2017.04.14"]
[Round "5"]
[White "Villuendas Valero Adrian"]
[Black "Glavina Pablo"]
[Result "1/2-1/2"]
[WhiteElo "2311"]
[BlackElo "2391"]

1.d4 Nf6 2.Bg5 d5 3.e3 c5 4.c3 Nc6 5.Nf3 Ne4 6.Bf4 Bf5 7.Nbd2 e6 8.Nxe4 Bxe4
9.Be2 Bd6 10.dxc5 Bxc5 11.O-O O-O 12.Ne5 Nxe5 13.Bxe5 f6 14.Bg3 Qb6 15.Qb3
Rfd8 16.Qxb6 1/2-1/2

[Event "I Cerrado Juan Moreno In Memoriam"]
[Site "Zaragoza"]
[Date "2017.04.14"]
[Round "5"]
[White "Moreno Gracia Daniel"]
[Black "Adla Diego"]
[Result "1/2-1/2"]
[WhiteElo "2318"]
[BlackElo "2398"]

1.c4 e5 2.Nc3 Nc6 3.g3 Bc5 4.Bg2 a6 5.a3 d6 6.Nf3 Nf6 7.d3 h6 8.O-O O-O 9.b4
Ba7 10.Bb2 Re8 1/2-1/2

[Event "I Cerrado Juan Moreno In Memoriam"]
[Site "Zaragoza"]
[Date "2017.04.14"]
[Round "5"]
[White "Aguero Jimenez Luis Lazaro"]
[Black "Gines Esteo Pedro Antonio"]
[Result "1-0"]
[WhiteElo "2442"]
[BlackElo "2319"]

1.Nf3 d5 2.c4 c6 3.e3 Nf6 4.Nc3 Bf5 5.Qb3 Qb6 6.Qxb6 axb6 7.cxd5 Nxd5 8.Nxd5
cxd5 9.Nd4 Bd7 10.Nb5 Ra5 11.Nc7+ Kd8 12.b4 Kxc7 13.bxa5 bxa5 14.Bb2 Nc6 15.
Bb5 e6 16.O-O f6 17.Bc3 b6 18.Rfc1 Ba3 19.Rc2 Kb7 20.Rb1 Rc8 21.Bb2 Bd6 22.
Rbc1 Nb8 23.Rxc8 Bxc8 24.d4 Bd7 25.a4 Bb4 26.Kf1 Nc6 27.Ke2 Kc7 28.g4 Kd6 29.
Bc3 Bxc3 30.Rxc3 Na7 31.Bxd7 Kxd7 32.f3 Nc8 33.e4 Ne7 34.Kd3 g5 35.Rc2 Ng6 36.
Ke3 h6 37.exd5 exd5 38.h3 Nh4 39.f4 Ng6 40.fxg5 fxg5 41.Rf2 Nf4 42.h4 Kd6 43.
hxg5 hxg5 44.Rb2 Kc6 45.Rh2 Kd6 46.Rh6+ Ne6 47.Rf6 Kd7 48.Rf5 Kc6 49.Re5 Kd6
50.Kd3 Nf4+ 51.Kd2 Ne6 52.Ke3 Nc7 53.Rxg5 b5 54.Rg6+ Kd7 55.Rg7+ Kd6 56.Rxc7
1-0

[Event "I Cerrado Juan Moreno In Memoriam"]
[Site "Zaragoza"]
[Date "2017.04.14"]
[Round "5"]
[White "Roldan Marques Daniel"]
[Black "Bayo Milagro Alvaro"]
[Result "1/2-1/2"]
[WhiteElo "2255"]
[BlackElo "2273"]

1.d4 Nf6 2.c4 e6 3.Nf3 b6 4.e3 Bb7 5.Bd3 d5 6.O-O Bd6 7.b3 O-O 8.Bb2 Nbd7 9.
Qe2 a6 10.Nc3 Ne4 11.Rfd1 f5 12.Ne5 Nxe5 13.dxe5 Bxe5 14.Nxe4 Bxb2 15.Qxb2
fxe4 16.Bxe4 Qh4 17.Bf3 Qg5 18.Qe2 Rf6 1/2-1/2

[Event "I Cerrado Juan Moreno In Memoriam"]
[Site "Zaragoza"]
[Date "2017.04.14"]
[Round "5"]
[White "Lopez Gracia Fernando"]
[Black "Uribe Arteaga Daniel"]
[Result "0-1"]
[WhiteElo "2302"]
[BlackElo "2294"]

1.e4 g6 2.d4 Bg7 3.Nf3 d6 4.Be2 Nf6 5.Nc3 c6 6.a4 O-O 7.O-O Bg4 8.Be3 Nbd7 9.
h3 Bxf3 10.Bxf3 e5 11.dxe5 dxe5 12.a5 Qc7 13.Qe2 b5 14.axb6 axb6 15.Ra6 Rxa6
16.Qxa6 b5 17.Ra1 Rc8 18.Qa7 Qxa7 19.Rxa7 Bf8 20.g4 Bc5 21.Bxc5 Nxc5 22.g5 Ne8
23.Bg4 Rc7 24.Ra8 Kf8 25.b4 Nb7 26.Nd1 Nd6 27.f3 Kg7 28.Ne3 h5 29.gxh6+ Kxh6
30.Rd8 Kg5 31.Kf2 Kf6 32.Rd7 Nb7 33.h4 Kg7 34.c4 Kf8 35.c5 Rxd7 36.Bxd7 Nd8
37.Ng4 f6 38.Ke3 Nc7 39.Nxf6 Ke7 40.Ng4 Kxd7 41.Nxe5+ Ke8 42.Nxg6 Na6 43.h5
Nf7 44.f4 Nxb4 45.f5 Na6 46.Kd4 b4 47.Kc4 b3 48.Kxb3 Nxc5+ 49.Kc4 Nxe4 50.h6
Nf6 51.Kc5 Kd7 52.Nf8+ Kc7 53.h7 Nd7+ 54.Nxd7 Kxd7 55.f6 Kc7 56.Kc4 Kd6 57.Kd4
c5+ 58.Kc4 Kc6 59.Kc3 Kd5 60.Kd3 c4+ 61.Kc3 Kc5 62.Kc2 Kd4 63.Kd2 c3+ 64.Kc2
Kc4 65.Kc1 Kd3 0-1

[Event "I Cerrado Juan Moreno In Memoriam"]
[Site "Zaragoza"]
[Date "2017.04.15"]
[Round "6"]
[White "Glavina Pablo"]
[Black "Uribe Arteaga Daniel"]
[Result "1/2-1/2"]
[WhiteElo "2391"]
[BlackElo "2294"]

1.Nf3 Nf6 2.g3 b6 3.Bg2 Bb7 4.c4 c5 5.O-O g6 6.Nc3 Bg7 7.d4 cxd4 8.Nxd4 Bxg2
9.Kxg2 O-O 10.Nf3 d6 1/2-1/2

[Event "I Cerrado Juan Moreno In Memoriam"]
[Site "Zaragoza"]
[Date "2017.04.15"]
[Round "6"]
[White "Bayo Milagro Alvaro"]
[Black "Lopez Gracia Fernando"]
[Result "1/2-1/2"]
[WhiteElo "2273"]
[BlackElo "2302"]

1.e4 e5 2.Bc4 Nf6 3.Nc3 Nc6 4.d3 Na5 5.Qf3 d6 6.h3 Be7 7.Nge2 O-O 8.Be3 c6 9.
Bb3 Nxb3 10.axb3 d5 11.d4 exd4 12.Bxd4 Nxe4 13.Nxe4 dxe4 14.Qxe4 Bb4+ 15.c3
Re8 16.Qf4 Bd6 17.Qd2 Bf5 18.O-O Qh4 19.Rxa7 Rad8 20.Ng3 Bxh3 21.gxh3 c5 22.
Kg2 cxd4 23.Ra4 Bxg3 24.fxg3 Qe4+ 25.Rf3 dxc3 26.Qxd8 Qxa4 27.bxa4 Rxd8 28.
Rxc3 h5 29.b3 Rd4 30.Rc8+ Kh7 31.Rc5 Rd2+ 32.Kf1 Kh6 33.Rb5 Rd7 34.Ke2 g5 35.
Ke3 Kg6 36.Ke4 f6 37.a5 Re7+ 38.Kd4 g4 39.h4 Rd7+ 40.Ke4 Re7+ 41.Kf4 Rc7 42.b4
Rc3 43.Rxb7 Rf3+ 44.Ke4 f5+ 45.Ke5 Re3+ 46.Kd4 Rxg3 47.a6 Ra3 48.a7 f4 49.b5
g3 1/2-1/2

[Event "I Cerrado Juan Moreno In Memoriam"]
[Site "Zaragoza"]
[Date "2017.04.15"]
[Round "6"]
[White "Gines Esteo Pedro Antonio"]
[Black "Roldan Marques Daniel"]
[Result "1-0"]
[WhiteElo "2319"]
[BlackElo "2255"]

1.d4 d5 2.Nf3 c6 3.c4 e6 4.g3 dxc4 5.Bg2 b5 6.O-O Bb7 7.Ne5 Nf6 8.b3 cxb3 9.
axb3 Bd6 10.Qc2 Qb6 11.Bf4 O-O 12.Nc3 Rc8 13.Ne4 Qc7 14.Nc5 Nd5 15.Bd2 Bxc5
16.Qxc5 Na6 17.Qa3 b4 18.Qb2 c5 19.Rfc1 Qb6 20.Nc4 Qc7 21.e4 Nc3 22.Bxc3 bxc3
23.Qxc3 cxd4 24.Qxd4 Nb4 25.h4 Rd8 26.Qe3 Qe7 27.Na5 a6 28.Qb6 Rd7 29.Rc4 Nd3
30.Rd1 Qd8 31.Qxd8+ Raxd8 32.Nxb7 1-0

[Event "I Cerrado Juan Moreno In Memoriam"]
[Site "Zaragoza"]
[Date "2017.04.15"]
[Round "7"]
[White "Moreno Gracia Daniel"]
[Black "Glavina Pablo"]
[Result "1/2-1/2"]
[WhiteElo "2318"]
[BlackElo "2391"]

1.c4 c5 2.Nc3 Nc6 3.g3 g6 4.Bg2 Bg7 5.Nf3 e6 6.O-O Nge7 7.d4 Nxd4 8.Nxd4 cxd4
9.Nb5 O-O 10.Nxd4 d5 11.cxd5 Nxd5 12.Nb3 Qe7 13.e4 Nb4 14.a3 Rd8 1/2-1/2

[Event "I Cerrado Juan Moreno In Memoriam"]
[Site "Zaragoza"]
[Date "2017.04.15"]
[Round "7"]
[White "Aguero Jimenez Luis Lazaro"]
[Black "Villuendas Valero Adrian"]
[Result "1-0"]
[WhiteElo "2442"]
[BlackElo "2311"]

1.c4 e5 2.g3 Nf6 3.Bg2 Nc6 4.Nc3 Bc5 5.e3 d6 6.Nge2 a6 7.O-O O-O 8.d4 Ba7 9.a3
Bf5 10.b4 Qc8 11.Bb2 Bh3 12.Nd5 Bxg2 13.Nxf6+ gxf6 14.Kxg2 Qf5 15.Nc3 Ne7 16.
f4 exd4 17.exd4 d5 18.g4 Qd7 19.f5 dxc4 20.Qf3 Rad8 21.Ne4 Nd5 22.Kh1 Kh8 23.
Nxf6 Qc6 24.Ne4 c3 25.Nxc3 Nxc3 26.Qxc6 bxc6 27.Bxc3 Bxd4 28.Rac1 Bxc3 29.Rxc3
Rg8 30.h3 h5 31.Rf4 Rd6 32.Kg2 hxg4 33.hxg4 Re8 34.Rfc4 Re2+ 35.Kf3 Ra2 36.Rc5
Kg7 37.Ra5 Rd4 38.Rxc6 Rd3+ 39.Kf4 Raxa3 40.Rxa3 Rxa3 41.Rxc7 Rd3 42.g5 Kf8
43.Ke5 Kg8 44.Ra7 Rb3 45.Kf6 Rxb4 46.Ra8+ 1-0

[Event "I Cerrado Juan Moreno In Memoriam"]
[Site "Zaragoza"]
[Date "2017.04.15"]
[Round "7"]
[White "Roldan Marques Daniel"]
[Black "Adla Diego"]
[Result "1-0"]
[WhiteElo "2255"]
[BlackElo "2398"]

1.d4 Nf6 2.c4 e6 3.Nf3 c5 4.d5 exd5 5.cxd5 d6 6.Nc3 g6 7.Bf4 a6 8.a4 Bg7 9.h3
O-O 10.e3 Nh5 11.Bh2 f5 12.Bd3 f4 13.O-O Nd7 14.Qd2 Ne5 15.Be2 Nxf3+ 16.Bxf3
fxe3 17.fxe3 Qe7 18.Bxh5 Rxf1+ 19.Rxf1 gxh5 20.Qf2 Bd7 21.Qg3 Re8 22.Rf3 b5
23.axb5 axb5 24.Qxd6 b4 25.Ne4 Qxe4 26.Qxd7 c4 27.Bd6 h4 28.Bxb4 Bxb2 29.Qf7+
Kh8 30.d6 Ra8 31.d7 Bg7 32.Qe7 Qxe7 33.Bxe7 c3 34.d8=Q+ Rxd8 35.Bxd8 c2 36.Rf1
Bb2 37.Bf6+ 1-0

[Event "I Cerrado Juan Moreno In Memoriam"]
[Site "Zaragoza"]
[Date "2017.04.15"]
[Round "7"]
[White "Lopez Gracia Fernando"]
[Black "Gines Esteo Pedro Antonio"]
[Result "1-0"]
[WhiteElo "2302"]
[BlackElo "2319"]

1.e4 c6 2.d4 d5 3.e5 Bf5 4.h4 h5 5.Bd3 Bxd3 6.Qxd3 e6 7.Bg5 Ne7 8.Nf3 Qa5+ 9.
Nbd2 Qa6 10.c4 Nd7 11.O-O Nf5 12.b3 c5 13.Rfe1 Rc8 14.Rad1 dxc4 15.Nxc4 Qc6
16.d5 Qxd5 17.Qxd5 exd5 18.Rxd5 Nd4 19.Nxd4 cxd4 20.Nd6+ Bxd6 21.exd6+ Kf8 22.
Re7 Rd8 23.Rxd4 f6 24.Bf4 Rg8 25.Rc4 g5 26.hxg5 fxg5 27.Rc7 gxf4 28.Rcxd7 Rxd7
29.Rxd7 Rg6 30.Rxb7 Rxd6 31.Rxa7 Rd1+ 32.Kh2 Rd2 33.f3 Rb2 34.Kh3 Ke8 35.g4
fxg3 36.Kxg3 Kd8 37.f4 Kc8 38.f5 Kd8 39.Kh4 Rf2 40.Kg5 h4 41.a4 h3 42.Rh7 h2
43.a5 Rg2+ 44.Kf6 Rb2 45.Kf7 Rxb3 46.Rxh2 Rb5 47.Rd2+ Kc7 48.f6 Rxa5 49.Kg7
Rg5+ 50.Kh6 Rf5 51.Kg6 Rf1 52.f7 Rg1+ 53.Kh7 Rf1 54.Kg8 Rg1+ 55.Kf8 Kc6 56.Rd4
Kc7 57.Ke7 Re1+ 58.Kf6 Rf1+ 59.Ke6 Rf2 60.Rd5 1-0